000 00288nam a22001337a 4500
008 180925b xxu||||| |||| 00| 0 eng d
020 _a9780321015181
041 _aeng
080 _a574
100 _a9
101 _aMJE
245 _aElements of Ecology
_cSmith, R.L
942 _2udc
_cBK
999 _c48435
_d48435